Представление документа в формате RUSMARC

ПолеНазваниеЗначение
  Тип записи a
  Библиографический уровень a
001 Контрольный номер UONB/MAIN/0c77a635f4274ac7b46574cff48bd550
005 Дата корректировки 20260429103534.5
100 Данные общей обработки __
a Данные общей обработки 20260429 ||| 0rusy0189 ca
101 Язык документа 0_
a Язык текста rus
102 Страна публикации __
a Страна публикации RU
135 Кодированные данные (электронные ресурсы) __
a Кодированные данные (электронные ресурсы) dr
139 Кодированные данные (электронные ресурсы) __
a Кодированные данные (электронные ресурсы) ua
x Формат данных или файловое расширение pdf
200 Заглавие и сведения об ответственности 1_
a Заглавие Новый вид ограниченного вещного права – "жилищно-долевое ограниченное вещное право"
f Первые сведения об ответственности Н. Н. Костюк
d Параллельное заглавие A New Type of Limited Property Right: "Housing-Share Limited Property Right"
z Язык параллельного заглавия eng
203 Вид содержания и тип средства __
a Вид содержания Текст
b Характеристика содержания визуальный
c Тип средства электронный
320 Библиография __
a Библиография Библиогр.: с. 54-55 (9 назв.)
330 Аннотация __
a Аннотация В контексте известной проблемы злоупотребления правом собственниками микродолей в праве на жилые помещения автор данной публикации предлагает включить в научный оборот и действующее законодательство Российской Федерации понятие "жилищно-долевое ограниченное вещное право" в качестве новой разновидности ограниченных вещных правах на жилые помещения. В связи с этим предлагаются изменения в Гражданский кодекс РФ и Жилищный кодекс РФ.
333 Примечание о целевом назначении __
a Примечание о целевом назначении 16+
461 Уровень набора _0
1 2000
a Современное право
1 011
a 1991-6027
463 Уровень физической единицы _0
1 2000
a № 2
v С. 52-55
1 2101
d 2026
1 001UONB/MAIN/9256f66fbd0c4fc6b9335f9297937c4a
605 Заглавие как предмет __
a Заглавие Гражданский кодекс Российской Федерации
605 Заглавие как предмет __
a Заглавие Жилищный кодекс Российской Федерации
605 Заглавие как предмет __
a Заглавие Семейный кодекс Российской Федерации
606 Тематические рубрики 0_
a Основная рубрика Право
y Географическая подрубрика Россия
606 Тематические рубрики 0_
a Основная рубрика Право собственности и другие вещные права
610 Ключевые слова 0_
a Ключевые слова вещное право
610 Ключевые слова 0_
a Ключевые слова ограниченное вещное право
610 Ключевые слова 0_
a Ключевые слова недвижимость
610 Ключевые слова 0_
a Ключевые слова жилое помещение
610 Ключевые слова 0_
a Ключевые слова многоквартирные дома
610 Ключевые слова 0_
a Ключевые слова собственники
610 Ключевые слова 0_
a Ключевые слова общая собственность
610 Ключевые слова 0_
a Ключевые слова долевая собственность
610 Ключевые слова 0_
a Ключевые слова микродоли
610 Ключевые слова 0_
a Ключевые слова жилищное законодательство
610 Ключевые слова 0_
a Ключевые слова жилищно-долевое право
686 Индексы других классификаций __
2 Код системы rubbk
700 Автор _1
a Фамилия Костюк
b Имя (инициалы) Н. Н.
4 Код отношения 070
790 Имя лица - альтернативная форма _1
a Имя лица - альтернативная форма Kostyuk
b Имя (инициалы) N. N.
4 Код отношения 070
801 Источник записи _0
a Страна RU
b Организация Ульяновская ОНБ
c Дата составления 20260424
g Правила каталогизации RCR
801 Источник записи _1
a Страна RU
b Организация Ульяновская ОНБ
c Дата составления 20260424
g Правила каталогизации RCR
901 Тип документа __
t Тип документа b
w Контрольный № источника UONB/MAIN/9256f66fbd0c4fc6b9335f9297937c4a